| 000 | 01698nam1a2200301 i 4500 | ||
|---|---|---|---|
| 001 | RU\NLR\bibl\1235990 | ||
| 005 | 20260405154744.0 | ||
| 035 | _a(NLR Aleph) 001222225 | ||
| 090 |
_a145683 _c145683 |
||
| 100 | _a20080603g20069999u y0rusy50 ca | ||
| 101 | 0 | _arus | |
| 102 | _aRU | ||
| 105 | _a||||z ||||| | ||
| 200 | 1 |
_aОртезирование при травмах конечностей и их последствиях _eучебно-практическое пособие _fР.В. Росков, А.О. Андриевская, А.В. Смирнов _gФГУ С.-Петерб. ин-т усоверш. врачей-экспертов Росздрава, Каф. МСЭ, реабилитации и протезирования при травмах и болезнях костно-мышечной системы, ФГУП "Тюм. ПРОП" Росздрава |
|
| 210 |
_aСанкт-Петербург _aТюмень _c[б.и.] _d2006 |
||
| 215 | _d21 | ||
| 463 | 0 | _10011197072 | |
| 606 |
_aКонечности _jРуководства, пособия и т.п. _xТравмы _xОртезирование _92513386 _3RU\NLR\auth\661489805 |
||
| 686 | _aР458.198-59я7 | ||
| 700 | 1 |
_4070 _8rus _7ca _aРосков _bР. В. _f1937- _gРафаэль Викторович _3RU\NLR\auth\7765665 _948594 |
|
| 701 | 1 |
_aАндриевская _bА. О. _gАлла Олеговна _4070 |
|
| 701 | 1 |
_4070 _8rus _7ca _aСмирнов _bА. В. _cканд. мед. наук _gАндрей Вячеславович _3RU\NLR\auth\7765664 _948593 |
|
| 801 | 0 |
_aRU _bNLR _c20080603 _gRCR |
|
| 801 | 1 |
_aRU _bNLR _c20080603 |
|
| 830 | _a2-й авт. по ГАК | ||
| 852 |
_aNLR _j2008-3/6431 |
||
| 942 | _cBOOK | ||